Walk Cheerfully = Hogaraka ni ayume /
La serie Eclipse es una división del prestigioso sello Criterion Collection, formada por paquetes –o cofres- de películas minusvaloradas, olvidadas e incluso perdidas en formato DVD. El criterio de selección ha sido, la mayor parte de las veces, una etapa, ciclo o vertiente de la filmografía de un d...
Gorde:
| Egile nagusia: | |
|---|---|
| Beste egile batzuk: | , , , , , , |
| Formatua: | |
| Hizkuntza: | japoniera |
| Argitaratua: |
Tokio, Japón :
Shochiku,
1930, c1930
|
| Saila: | (Eclipse Series ;
42/1) |
| Gaiak: | |
| Etiketak: |
Etiketarik gabe, Izan zaitez lehena erregistro honi etiketa jartzen!
|
MARC
| LEADER | 00000ngm^a2200000^a^4500 | ||
|---|---|---|---|
| 001 | 000393169 | ||
| 005 | 20250521000000.0 | ||
| 009 | 20260310121301.796 | ||
| 020 | |a 978-1-60465-989-4 | ||
| 020 | |a 978-1-60465-988-7 | ||
| 037 | |a Acervo ITESO - Biblioteca | ||
| 041 | |a JAP | ||
| 082 | |a 808. 8 |b CRI ECL V. 42 T. 1 | ||
| 100 | |a Ozu, Yasujiro |e (realización) | ||
| 240 | 1 | 1 | |a [Caminad con optimismo] |
| 240 | 1 | 1 | |a [Marchar alegremente] |
| 240 | 1 | 0 | |a [Silent Ozu: Three Crime Dramas] |
| 245 | 1 | 0 | |a Walk Cheerfully = |b Hogaraka ni ayume / |c Realización de Y. Ozu. |
| 246 | 2 | |a Título en México: no conocido/no identificado | |
| 246 | 2 | |a Título alternativo en español (España): Caminad con optimismo | |
| 246 | 2 | |a Título alternativo en español (España): Marchar alegremente | |
| 264 | 4 | |a Tokio, Japón : |b Shochiku, |c 1930, c1930 | |
| 264 | 2 | |a Nueva York, EUA : |b Criterion Collection [distribución], |c 2015, c2015 | |
| 300 | |a 1 DVD región 1 |c (96 min.) | ||
| 336 | |a imagen móvil bidimensional |b tdi |2 rdacontenido | ||
| 337 | |a video |b v |2 rdamedio | ||
| 338 | |a videodisco |b vd |2 rdasoporte | ||
| 440 | 1 | |a (Eclipse Series ; |v 42/1) | |
| 520 | |a La serie Eclipse es una división del prestigioso sello Criterion Collection, formada por paquetes –o cofres- de películas minusvaloradas, olvidadas e incluso perdidas en formato DVD. El criterio de selección ha sido, la mayor parte de las veces, una etapa, ciclo o vertiente de la filmografía de un director, sea uno consolidado plenamente en el canon de autores o casos de revaloración de cineastas desestimados en su momento. La serie ha sido ampliada paulatinamente con paquetes que reúnen cintas de una misma compañía productora y género cinematográfico o identificadas con una corriente fílmica. Los cofres contienen de dos a siete películas, cada una de ellas incluida –por lo general- en un DVD individual. | ||
| 546 | |a Intertítulos en japonés, con subtítulos opcionales: inglés | ||
| 649 | |a XX | ||
| 650 | |a Delincuentes en el Cine | ||
| 650 | |a Películas Policíacas | ||
| 650 | |a Cine Mudo - |z Japón | ||
| 650 | |a Cine en Blanco y Negro - |z Japón | ||
| 650 | |a Cine Japonés - |y 1930-1939 | ||
| 650 | |a Cine Japonés - |y Siglo XX | ||
| 650 | |a Rehabilitación de Delincuentes | ||
| 650 | |a Amor | ||
| 650 | |a Relaciones Intergénero | ||
| 740 | 0 | |a Sweet and Tender Hooligans / |c Texto de M. Koresky. | |
| 700 | |a Ikeda, Tadao |e (guión) | ||
| 700 | |a Shigehara, Hideo |e (fotógrafo) | ||
| 700 | |a Brand, Neil |e (música) | ||
| 700 | |a Takada, Minoru |e (actuación) | ||
| 700 | |a Kawasaki, Hiroko |e (actuación) | ||
| 700 | |a Matsuzono, Nobuko |e (actuación) | ||
| 700 | |a Koresky, Michael |e (texto) | ||
| 910 | |a Fondo General | ||
| 920 | |a Audiovisuales - DVDs | ||
| 940 | |a Películas | ||
| 905 | |a 308 | ||
| 901 | |a 0500287291 |b IT2 |c DVR |i C152709 |u 20250521 | ||
| 902 | |a https://opac.biblio.iteso.mx/vufind/Record/000393169 | ||